| 000 | 00000nam 2200000zi 4500 |
| 001 | 9.895125 |
| 003 | CaOODSP |
| 005 | 20250121091740 |
| 006 | m o d f |
| 007 | cr cn||||||||| |
| 008 | 210108t19751975onc|||||obi f00| 0 eng d |
| 040 | |aCaOODSP|beng|erda|cCaOODSP |
| 043 | |an-cn--- |
| 086 | |aNR24-71/1975E-PDF |
| 245 | 00|aCanadian Construction Safety Code 1975. |
| 250 | |aSecond edition 1975. |
| 264 | 1|aOttawa : |bNational Research Council of Canada, Associate Committee on the National Building Code, |c1975. |
| 264 | 4|c©1975 |
| 300 | |a1 online resource (vii, 36 pages) |
| 336 | |atext|btxt|2rdacontent |
| 337 | |acomputer|bc|2rdamedia |
| 338 | |aonline resource|bcr|2rdacarrier |
| 500 | |aDigitized edition from print [produced by National Research Council of Canada]. |
| 500 | |a"NRCC No. 13985." |
| 504 | |aIncludes bibliographical references and index. |
| 650 | 0|aBuilding laws|zCanada. |
| 650 | 0|aConstruction industry|xSafety regulations|zCanada. |
| 650 | 6|aConstruction|xDroit|zCanada|vCodes. |
| 650 | 6|aConstruction|xIndustrie|xSécurité|xRèglements|zCanada. |
| 710 | 2 |aNational Research Council of Canada. |bAssociate Committee on the National Building Code, |eissuing body. |
| 794 | |tCanadian Construction Safety Code 1977.|b1977 edition|w(CaOODSP)9.895123 |
| 795 | |tCanadian Code for Construction Safety 1970.|b1970 edition|w(CaOODSP)9.895122 |
| 856 | 40|qPDF|s2.00 MB|uhttps://publications.gc.ca/collections/collection_2024/cnrc-nrc/NR24-71-1975-eng.pdf |